| 000 | 01176cam a2200265 i 4500 | ||
|---|---|---|---|
| 003 | SA-RiAUC | ||
| 005 | 20260415151816.0 | ||
| 008 | 260113s1956 le g 00010 ara c | ||
| 040 |
_aSA-MaUQU _bara _cSA-RiAUC _erda |
||
| 082 | 0 | 4 |
_a220 _qSA-RiAUC |
| 090 |
_aم ن 220 _bع ز و |
||
| 100 | 1 |
_aالعزوزي، محمد العربي بن محمد المهدي بن محمد العربي، _d1890-1963 _eمؤلف. |
|
| 245 | 1 | 0 |
_aدليل مباحث علوم القرآن المجيد، أو، الحجج الواضحات في الدلالة على مواضع علوم الآيات / _cتأليف محمد العربي العزوزي. |
| 246 | 3 | 3 | _aالحجج الواضحات في الدلالة على مواضع علوم الآيات |
| 264 | 1 |
_aبيروت : _bدار الإنصاف، _c1956 |
|
| 300 |
_a256 صفحة ؛ _c29 سم |
||
| 336 |
_aنص _btxt _2rdacontent _3كتاب |
||
| 337 |
_aبدون وسيط _bn _2rdamedia |
||
| 338 |
_aمجلد _bnc _2rdacarrier |
||
| 630 | 2 | 7 |
_aالقرآن _xعلوم _2aucut |
| 630 | 0 | 7 |
_aالقرآن _vفهارس _2aucut |
| 730 | 2 | 2 | _aالقرآن |
| 942 |
_2ddc _cRBOOK COPY _n0 |
||
| 949 |
_aSA-JeALM _d260113 _umohamedma123 _n1 |
||
| 999 |
_c14806 _d14806 |
||